000 01109cad a22002175a 4500
001 L140889
008 070704s2007 xxk f 000 0 eng d
035 _a(Sirsi) u140889
041 0 _aeng
050 0 4 _a657.3 $2 18
110 2 _aInternational Accounting Standards Board
_94097
245 0 0 _aIASB update
_bSeptember 2007
_h[electronic resource]
260 _aLondon
_bIASB
_c2007
490 0 _aIASB Update
_vSeptember 2007
520 _aSummary of the International Accounting Standards Board meeting in London, 19-21 September 2007, when it discussed: conceptual framework; short-term convergence; annual improvements process; fair value measurements; update on IFRIC; financial instruments; technical plan; post-employment benefits; IAS related part disclosures; accounting standards; amendments, IFRIC.
590 _aKA
651 4 _aInternational
690 _aMANAGEMENT-BUSINESS MANAGEMENT-FINANCIAL MANAGEMENT-ACCOUNTING-FINANCIAL REPORTING
856 4 0 _uhttps://www.iasb.org/Updates/IASB+Updates/2007/2007+IASB+Updates.htm
_zView the update free of charge at www.iasb.org...
942 _n0
999 _c107563
_d107563